Loading...
| History - Other | 0 | 7 | 1 | 3 | 65 | 68 | 89.86 | 0 | 1 | 10.36 | 20.30 |
| History - European | 0 | 7 | 2 | 2 | 60 | 56 | 73.57 | 0 | 0 | 18.76 | 19.97 |
| History - American | 0 | 5 | 1 | 3 | 45 | 65 | 97.60 | 0 | 0 | 6.61 | 15.51 |
| Current Events | 0 | 2 | 0 | 0 | 20 | 80 | 86.00 | 0 | 1 | 8.44 | 29.67 |
| Fine Arts - Painting and Sculpture | 0 | 2 | 0 | 0 | 20 | 77 | 82.00 | 0 | 0 | 5.04 | 7.44 |
| History - World | 0 | 2 | 1 | 1 | 15 | 43 | 72.50 | 0 | 1 | 5.84 | 9.09 |
| Geography | 0 | 1 | 0 | 1 | 10 | 119 | 119.00 | 0 | 0 | 0.00 | 3.33 |
| Popular Culture | 0 | 1 | 0 | 0 | 10 | 58 | 58.00 | 0 | 0 | 8.19 | 6.67 |
| Science - Physics | 0 | 1 | 0 | 1 | 10 | 98 | 98.00 | 0 | 0 | 0.36 | 1.65 |
| Social Science | 0 | 1 | 0 | 1 | 10 | 113 | 113.00 | 0 | 0 | 0.00 | 1.25 |
| Mythology | 0 | 2 | 2 | 1 | 10 | 70 | 82.00 | 0 | 1 | 2.97 | 8.18 |
| Fine Arts - Other | 0 | 1 | 1 | 0 | 5 | 88 | 88.00 | 0 | 0 | 2.31 | 2.48 |
| Philosophy | 0 | 1 | 1 | 0 | 5 | 105 | 105.00 | 0 | 0 | 0.00 | 2.27 |
| Literature - European | 0 | 0 | 1 | 0 | -5 | 0.00 | 0 | 0 | 0.00 | 0.00 |